000 00289 a2200121 4500
001 32821
090 _c21993
_d21993
100 _aRogers,G.F.C
245 _aThermodynamics and Transport Properties of Fluids, 5/e
_bSI units
250 _a5
260 _aUSA
_bBlackwell Pub
_c2003
300 _a28 p.
942 _aNUST-CAE
999 _c267894
_d267894